000
00311nam a2200121Ia 4500
008
240719s9999 xx 000 0 und d
041
_a
eng
082
_a
233 KIS
100
_a
Kissinger, Henry A
245
_a
The Age Of AI And Our Human Future
260
_a
London
_b
John Murray
_c
2021
300
_a
256 P.; 28 Cm.
999
_c
41127
_d
41127